Giáo trình lịch sử kiến trúc thế giới. Tập 1, Từ xã hội nguyên thủy đến thế kỷ XVIII T.1
সংরক্ষণ করুন:
| বিন্যাস: | গ্রন্থ |
|---|---|
| ভাষা: | Vietnamese |
| প্রকাশিত: |
Xây dựng
2011
|
| ট্যাগগুলো: |
ট্যাগ যুক্ত করুন
কোনো ট্যাগ নেই, প্রথমজন হিসাবে ট্যাগ করুন!
|
| Thư viện lưu trữ: | Mạng thư viện Đại học Đà Nẵng |
|---|
| LEADER | 00696nam a2200241 4500 | ||
|---|---|---|---|
| 001 | 000022918 | ||
| 003 | 19367 | ||
| 005 | 20150515160526.0 | ||
| 008 | 150515s2011 viesd | ||
| 020 | |c 90000 | ||
| 041 | 0 | |a vie | |
| 082 | 1 | 4 | |a 720 |b Gi-T |
| 245 | 1 | 0 | |a Giáo trình lịch sử kiến trúc thế giới. Tập 1, Từ xã hội nguyên thủy đến thế kỷ XVIII |b T.1 |c Đặng Thái Hoàng, Nguyễn Văn Đỉnh |
| 260 | |b Xây dựng |c 2011 | ||
| 300 | |a tr. |c cm. | ||
| OWN | |a LSP | ||
| 999 | |a From the UDN01 | ||
| TYP | |a Monograph | ||
| TYP | |a Printed language | ||
| 980 | |a Mạng thư viện Đại học Đà Nẵng | ||